| 000 | 01322nam a2200397 a 4500 | ||
|---|---|---|---|
| 001 | dia_4541 | ||
| 003 | CHAP | ||
| 005 | 20231106183658.0 | ||
| 007 | ta | ||
| 008 | 220117s2003 mx ado fr 001 0 spa d | ||
| 010 | _a175202 | ||
| 020 | _a970-10-3632-8 | ||
| 040 |
_cCHAP _amxchpua |
||
| 050 | 1 | 0 |
_aAZ105 _b.H47 2003 |
| 082 |
_a001.422 _bH47 2003 _220 |
||
| 100 | 1 |
_aHernández Sampieri, Roberto _954596 _eautor |
|
| 245 | 1 | 0 |
_aMetodología de la investigación / _cRoberto Hernández Sampieri, Carlos Fernández Collado y Pilar Baptista Lucio |
| 250 | _a3a edición | ||
| 264 |
_aMéxico : _bMcGraw-Hill, _c2003 |
||
| 300 |
_axxxvii, 705 páginas : _bilustraciones, gráficas, diagramas, tablas, fotos |
||
| 336 |
_2rdacontent _atexto _btxt |
||
| 337 |
_2rdamedia _asin medio _bn |
||
| 338 |
_2rdacarrier _avolumen _bnc |
||
| 504 | _aBibliografía: páginas 675-684 | ||
| 650 | 1 | 0 |
_aEstadística _938241 |
| 650 | 1 | 0 |
_aInvestigación _xMetodología _960237 |
| 650 | 1 | 0 |
_aResearch _xMethodology _9147184 |
| 650 | 1 | 0 |
_aStatistics _9144311 |
| 700 | 1 |
_aBaptista Lucio, Pilar _910017 _eautora |
|
| 700 | 1 |
_aFernández Collado, Carlos _940143 _eautor |
|
| 901 | _a001.422 H47 2003 | ||
| 902 | _aM | ||
| 905 | _a5232272003 mx ailm8222223322spa16 | ||
| 942 | _2ddc | ||
| 942 | _cLIBRO | ||
| 999 |
_c175202 _d175202 |
||